00000000nam##2200000za#4500
0019.569683
003CaOODSP
00520210624181902
007cr |||||||||||
008150406|1999||||xxc|||||o    f|0| 0 eng|d
040 |aCaOODSP|beng
043 |an-cn---
0861 |aBT31-4/81-1999E-PDF
1101 |aCanada. |bTreasury Board.
24510|aLaw Commission of Canada, performance report for the period ending March 31, 1999 |h[electronic resource]
260 |aOttawa - Ontario : |bTreasury Board of Canada Secretariat
300 |a21p.|borganization chart, tables
4901 |aPerformance report for the period ending March 31, 1999
500 |aThe catalogue number (BT31-4/81-1999) and ISBN (0-660-61093-0) for the bilingual print edition have been incorrectly copied in this electronic publication.
590 |a12-27-Supp|b2012-06-12
77508|tCommission du droit du Canada, rapport sur le rendement pour la période se terminant le 31 mars 1999 |w(CaOODSP)9.600694
7760#|tCommission du droit du Canada |w(CaOODSP)9.532561
7760#|tLaw Commission of Canada |w(CaOODSP)9.532560
830#0|aPerformance report for the period ending March 31, 1999.|w(CaOODSP)9.506261
85640|ahttp://publications.gc.ca|qPDF|s203 KB|uhttps://publications.gc.ca/collections/Collection/BT31-4-81-1999E.pdf